SEC NFL First Round Draft Picks Since 2020 - Statistics

General Stats
  • This quiz has been taken 10 times
  • The average score is 57 of 87
Answer Stats
College Year Pick Number Team Drafted By Position Answer % Correct
Alabama 2023 1 Panthers QB Bryce Young
100%
Alabama 2021 10 Eagles WR DeVonta Smith
100%
Alabama 2023 12 Lions RB Jahmyr Gibbs
100%
Alabama 2022 12 Lions WR Jameson Williams
100%
Alabama 2020 15 Broncos WR Jerry Jeudy
100%
Georgia 2025 11 49ers DE Mykel Williams
100%
Alabama 2021 24 Steelers RB Najee Harris
100%
Georgia 2023 30 Eagles LB Nolan Smith
100%
Alabama 2020 5 Dolphins QB Tua Tagovailoa
100%
Georgia 2023 14 Steelers OT Broderick Jones
89%
Alabama 2021 15 Patriots QB Mac Jones
89%
Alabama 2021 9 Broncos CB Patrick Surtain II
89%
Georgia 2020 4 Giants OT Andrew Thomas
78%
Florida 2023 4 Colts QB Anthony Richardson
78%
Texas 2023 8 Falcons RB Bijan Robinson
78%
LSU 2024 23 Jaguars WR Brian Thomas Jr
78%
Georgia 2024 13 Raiders TE Brock Bowers
78%
Florida 2026 18 Vikings DL Caleb Banks
78%
Oklahoma 2020 17 Cowboys WR CeeDee Lamb
78%
Missouri 2024 27 Cardinals DE Darius Robinson
78%
LSU 2022 3 Texans CB Derek Stingley Jr
78%
Georgia 2025 15 Falcons LB Jalon Walker
78%
LSU 2021 5 Bengals WR Ja'Marr Chase
78%
Ole Miss 2025 25 Giants QB Jaxson Dart
78%
LSU 2024 2 Commanders QB Jayden Daniels
78%
LSU 2020 1 Bengals QB Joe Burrow
78%
LSU 2020 22 Vikings WR Justin Jefferson
78%
Texas 2025 9 Saints OT Kelvin Banks Jr
78%
LSU 2024 6 Giants WR Malik Nabers
78%
LSU 2026 6 Chiefs CB Mansoor Delane
78%
Texas 2025 23 Packers WR Matthew Golden
78%
Georgia 2022 22 Packers LB Quay Walker
78%
Florida 2024 31 49ers WR Ricky Pearsall
78%
Georgia 2022 1 Jaguars DE Trayvon Walker
78%
Alabama 2025 12 Cowboys OG Tyler Booker
78%
Alabama 2026 13 Rams QB Ty Simpson
78%
Texas 2024 28 Chiefs WR Xavier Worthy
78%
LSU 2020 32 Chiefs RB Clyde Edwards-Helaire
67%
Alabama 2022 7 Giants OT Evan Neal
67%
Alabama 2020 12 Raiders WR Henry Ruggs
67%
Georgia 2023 9 Eagles DT Jalen Carter
67%
Kentucky 2021 19 Commanders LB Jamin Davis
67%
South Carolina 2021 8 Panthers DB Jaycee Horn
67%
Alabama 2025 31 Eagles LB Jihaad Campbell
67%
Georgia 2022 13 Eagles DT Jordan Davis
67%
Alabama 2026 12 Dolphins OT Kadyn Proctor
67%
Texas A&M 2026 24 Browns WR KC Concepcion
67%
Florida 2021 4 Falcons WR Kyle Pitts
67%
Arkansas 2022 18 Titans WR Treylon Burks
67%
Oklahoma 2024 29 Cowboys OT Tyler Guyton
67%
LSU 2025 4 Patriots OT Will Campbell
67%
South Carolina 2024 32 Panthers WR Xavier Legette
67%
Georgia 2024 18 Bengals OT Amarius Mims
56%
Missouri 2025 7 Jets OT Armand Membou
56%
Texas 2024 16 Seahawks DT Byron Murphy
56%
Alabama 2024 17 Vikings LB Dallas Turner
56%
Auburn 2020 7 Panther DT Derrick Brown
56%
Mississippi St. 2023 16 Commanders CB Emmanuel Forbes
56%
Georgia 2021 29 Packers DB Eric Stokes
56%
Texas 2025 20 Broncos DB Jahdae Barron
56%
Tennessee 2025 26 Falcons DE James Pearce Jr
56%
Alabama 2024 7 Titans OT JC Latham
56%
Alabama 2020 10 Browns OT Jedrick Wills
56%
Florida 2021 20 Giants WR Kadarius Toney
56%
Georgia 2025 27 Ravens DB Malaki Starks
56%
Kentucky 2025 30 Bills DB Maxwell Hairston
56%
LSU 2020 28 Ravens LB Patrick Queen
56%
Texas A&M 2025 17 Bengals DE Shemar Stewart
56%
Alabama 2024 24 Lions CB Terrion Arnold
56%
Ole Miss 2025 16 Cardinals DL Walter Nolen
56%
Alabama 2021 17 Raiders OT Alex Leatherwood
44%
Mississippi St. 2022 9 Seahawks OT Charles Cross
44%
Florida 2020 9 Jaguars CB CJ Henderson
44%
Tennessee 2023 10 Bears OT Darnell Wright
44%
Georgia 2022 28 Packers DT Devonte Wyatt
44%
South Carolina 2020 14 49ers DT Javon Kinlaw
44%
Georgia 2022 32 Vikings DB Lewis Cine
44%
Georgia 2026 19 Panthers OT Monroe Freeling
44%
Florida 2022 23 Bills CB Kaiir Elam
33%
Auburn 2026 31 Titans DE Keldric Faulk
33%
Texas A&M 2022 15 Texans OG Kenyon Green
33%
Georgia 2026 26 Texans OL Keylan Rutledge
33%
LSU 2020 20 Jaguars LB K'Lavon Chaisson
33%
Georgia 2020 29 Titans OT Isaiah Wilson
22%
Oklahoma 2020 23 Chargers LB Kenneth Murray
22%
Auburn 2020 30 Dolphis CB Noah Igbinoghene
22%
Oklahoma 2023 27 Jaguars OT Anton Harrison
11%
No matching quizzes found
Score Distribution
Percent of People with Each Score
Percentile by Number Answered
Your Score History
You have not taken this quiz